Statistics for Jetpunk Top Categories

Click here to take the quiz!

General Stats

  • This quiz has been taken 23 times
  • The average score is 4 of 7

Answer Stats

Answer% Correct
Geography
95%
History
79%
Movie
74%
Music
58%
Sports
58%
Television
37%
English Language
32%

Score Distribution

Percentile by Number Answered

Percent of People with Each Score

Your Score History

You have not taken this quiz